Physics of Ap-Stars (Record no. 5403)

MARC details
000 -LEADER
fixed length control field 00698nam a2200193Ia 4500
003 - CONTROL NUMBER IDENTIFIER
control field IN-BaIIA
008 - FIXED-LENGTH DATA ELEMENTS--GENERAL INFORMATION
fixed length control field 211028s9999 xx 000 0 eng d
040 ## - CATALOGING SOURCE
Transcribing agency IIA Library
080 ## - UNIVERSAL DECIMAL CLASSIFICATION NUMBER
Universal Decimal Classification number 082.2:52
Item number IAU-C32
100 ## - MAIN ENTRY--PERSONAL NAME
Personal name Weiss, W. W.
9 (RLIN) 9395
245 #0 - TITLE STATEMENT
Title Physics of Ap-Stars
Remainder of title vol. 1, gear classification, materials, and measuring methods for unassembled gears
Statement of responsibility, etc. Weiss, Werner W., Helmut Jenker and H.John Wood:
260 ## - PUBLICATION, DISTRIBUTION, ETC.
Place of publication, distribution, etc. Vienna
Name of publisher, distributor, etc. Universitatssternwarte Wien MIT Figl-Observatorium Fur Astro
Date of publication, distribution, etc. 1975
300 ## - PHYSICAL DESCRIPTION
Extent [various pagings.]
650 ## - SUBJECT ADDED ENTRY--TOPICAL TERM
Topical term or geographic name entry element AP stars
9 (RLIN) 9396
650 ## - SUBJECT ADDED ENTRY--TOPICAL TERM
Topical term or geographic name entry element Astronomy and astrophysics thesaurus
700 ## - ADDED ENTRY--PERSONAL NAME
Personal name Jenkner, Helmut
9 (RLIN) 9397
700 ## - ADDED ENTRY--PERSONAL NAME
Personal name Wood, H. John
9 (RLIN) 9398
942 ## - ADDED ENTRY ELEMENTS (KOHA)
Koha item type Books
Holdings
Withdrawn status Lost status Damaged status Not for loan Home library Current library Shelving location Date acquired Total Checkouts Full call number Barcode Date last seen Price effective from Koha item type
        IIA Library-Bangalore IIA Library-Bangalore General Stacks 22/01/1977   082.2:52/ IAU-C32 6037 05/11/2021 22/01/1977 Books

Powered by Koha